The big book of stress relief games : quick,fun activities for feeling better

Bibliographic Details
Main Author: Epstein, Robert
Format: Book
Published: New York : McGraw-Hill , 2000
Subjects:

MARC

LEADER 00000cam a2200000 7i4500
001 0000020960
005 20071217.0
008 071205
020 |a 0070218668 
040 |a INS 
090 0 0 |a RA785   |b E67 2000 
100 1 |a Epstein, Robert 
245 1 4 |a The big book of stress relief games :   |b quick,fun activities for feeling better   |c Robert Epstein 
260 |a New York :   |b McGraw-Hill ,   |c 2000 
300 |a xiii, 203p. :   |b ill. ;   |c 23cm. 
500 |a Includes index 
650 0 0 |a Games 
650 0 0 |a Stress management 
999 |a 0000019499   |b BOOK   |c Open Shelf   |e Default branch 
999 |a 0000021278   |b BOOK   |c Open Shelf   |e Default branch 
999 |a 0000021403   |b BOOK   |c Open Shelf   |e Default branch